Najvýznamnejšie poznatky z výskumu banskoštiavnického dominikánskeho kláštora K schopnostiam výpovede tradičných datovacích prostriedkov

Podrobná bibliografia
Hlavní autori: Hanuliak, Milan, 1951- (Autor), Hoššo, Jozef, 1946-2012 (Autor), Hunka, Ján, 1958-2021 (Autor)
Médium: Článok
Jazyk:slovenčina
Fyzický popis:Obr. 12, res. angl., nem., lit. 54 zázn.
ISSN:1335-0102
Predmet:

MARC

LEADER 00000nab a2200000 a 4500
001 vtls000639508
003 SK-MaSNL
005 20260304085004.0
008 250425c1996 xo 0 slo
015 |a SNBRB19rr/mm-uuuuu 
035 |a CL0639647 
035 |a urn:nbn:sk:snk-aba6p1 
035 |a (urnnbn)urn:nbn:sk:snk:ar-a09ih0 
035 |a (uuid)9fd79603-41bf-4040-830b-4e801d835ca2 
040 |a SNKBUCL  |b slo  |c SNKBUCL  |e AACR2 
041 0 |a slo 
044 |a xo  |c SK 
080 |a 904(437.6):726.71(437.6)"12/13":902  |2 1981 
080 |a 726.71(437.6)"12/13"  |2 1981 
080 |a 902  |2 1981 
100 1 |a Hanuliak, Milan,  |d 1951-  |4 aut  |9 102640 
245 1 0 |a Najvýznamnejšie poznatky z výskumu banskoštiavnického dominikánskeho kláštora  |b K schopnostiam výpovede tradičných datovacích prostriedkov  |c Milan Hanuliak, Jozef Hoššo, Ján Hunka 
300 |b Obr. 12, res. angl., nem., lit. 54 zázn. 
650 0 7 |a dominikánske kláštory  |2 snkbucl  |9 107145 
650 0 7 |a archeologické výskumy  |2 snkbucl  |9 74796 
651 7 |a Banská Štiavnica (Slovensko)  |2 snkbucl  |9 16373 
655 7 |a články z novín a časopisov  |2 snkbucl  |9 267496 
700 1 |a Hoššo, Jozef,  |d 1946-2012  |4 aut  |9 102675 
700 1 |a Hunka, Ján,  |d 1958-2021  |4 aut  |9 211368 
773 0 |t Slovenská archeológia  |g Roč. 44, č. 2 (1996), s. 307-326  |x 1335-0102 
850 |a Slovenská národná knižnica 
852 |a Slovenská národná knižnica 
954 |a odborná, vedecká literatúra pôvodná (slovenská)  |2 lita 
957 |a 5312 
958 |a article13 
958 |a SK 
958 |a NB 
958 |a NX 
958 |a RK 
958 |a OND 
958 |a EUIPO 
992 |a RBX 
999 |c 2805939  |d 2807869